000 00545nam a2200145Ia 4500
008 220216s9999 xx 000 0 und d
100 _aRajagopal N
245 0 _aBiomass gasification in block rubber production for redicing CO2 emission in NR processing
260 _bPLACROSYM XIX, 7-10 December 2010, Kottayam. Climate Change. 19th Biennial Symposium on Plantation Crops. Abstracts.pp.153-154.
650 _aBiomass gasification
650 _aCO2 emission
650 _aTechnically specified rubber
700 _aSebastian T
942 _cBS
999 _c51461
_d51461